000 00616nam a2200181 a 4500
001 000035009
005 20200930074038.0
008 111024s1976 ve 000 0 spa d
040 _aDO-SdBNP
_bspa
_cBNPHU
100 1 _aHerrera Luque, Francisco J.
_935205
245 1 0 _aEn la casa del pez que escupe el agua /
_cFrancisco Herrera Luque.
260 _aCaracas :
_bEditorial Fuentes,
_c1976.
300 _a472 p. : |b ill. ; |c 23 cm. :
_bil., ;
_c23 cm.
490 1 _aLa Historia viva
590 _aPerteneció a la biblioteca personal de Juan Isidro Grullón
830 0 _aLa Historia viva
_960627
049 _aBNPD
999 _c34500
_d34500